Paroles : Batman - Lefa - Statistiques

Statistiques générales
  • Ce quiz a été pris 40 fois
  • Le résultat moyen est 132 sur 225
Statistiques - réponses
Réponse % Correct
la
90%
90%
me
90%
Ce
86%
le
86%
par
86%
à
81%
de
81%
en
81%
je
81%
J'suis
81%
j'suis
81%
ma
81%
mon
81%
Batman,
76%
Et
76%
et
76%
que
76%
rés'
76%
suer
76%
ces
71%
C'est
71%
c'est
71%
les
71%
pas,
71%
pas
71%
Pas
71%
si
71%
Si
71%
sur
71%
Sur
71%
comme
67%
dans
67%
dark
67%
est
67%
"il
67%
J'ai
67%
j'ai
67%
jour,
67%
jour
67%
l'monde
67%
mes
67%
pour
67%
t'en
67%
années
62%
as
62%
Bien
62%
ça
62%
des
62%
Ils
62%
ils
62%
m'entoure,
62%
moi,
62%
moi
62%
monde
62%
On
62%
on
62%
accueilli
57%
c'qui
57%
entier
57%
faits
57%
gestes,
57%
guette,
57%
inspiré
57%
jamais
57%
j'vais
57%
laisse,
57%
mal
57%
mal,
57%
Mise
57%
mise
57%
P't-être
57%
p't-être
57%
respirer
57%
side
57%
tant
57%
tes
57%
tête
57%
toi,
57%
vie
57%
amis
52%
assurer?"
52%
balles
52%
compte
52%
compte,
52%
compte?
52%
con,
52%
enquête
52%
"est-ce
52%
est-ce
52%
être
52%
Fuck
52%
j'arrive
52%
J's'rai
52%
Mais
52%
mate
52%
pourtant
52%
Pourtant,
52%
prêt
52%
question,
52%
qu'j'peux
52%
qu'on
52%
rend
52%
scrute
52%
s'en
52%
tour,
52%
trône,
52%
Tu
52%
aucune
48%
cirer
48%
cours,
48%
court,
48%
depuis
48%
D'quatre
48%
garde
48%
Gros,
48%
indé',
48%
j'avais
48%
l'président
48%
même
48%
mort,
48%
oi-m,
48%
pompe
48%
rende
48%
scred',
48%
toutes
48%
buté
43%
c'bled
43%
diront
43%
hess
43%
j'étais
43%
J'veux
43%
mêmes
43%
nous
43%
nouvel
43%
paix
43%
perds
43%
plein
43%
quand
43%
qu'dans
43%
qu'tout
43%
veux
43%
y'a
43%
avant
38%
chichi
38%
d'ces
38%
diviser?
38%
du
38%
j'voulais
38%
l'couloir
38%
l'Histoire
38%
lourds
38%
marquer
38%
meilleur
38%
noir
38%
paye
38%
raisons
38%
rats
38%
star,
38%
temps
38%
v'nu
38%
aujourd'hui
33%
flash
33%
J'vends
33%
l'trou
33%
putanas
33%
raconte"
33%
s'la
33%
sors
33%
bougeraient
29%
d'fermer
29%
d'question,
29%
humble
29%
j'reste
29%
l'avis
29%
Pose
29%
stores
29%
Aucun quiz correspondant
Distribution des résultats
% des personnes avec chaque résultat
Percentile par nombre de réponses
Votre historique - résultats
Vous n’avez pas pris ce quiz